00909nam a2200277Ia 450000500170000000800410001702000180005810000250007624500850010125000180018630000250020453400240022965000360025365000400028965000350032965000340036470000430039894200150044126400260045633600270048233700330050933800280054204000350057008400110060599900150061620220317001531.0161108s2014 sp g 000 f s  a97884206862261 aMaalouf, Amind1949-14aLos desorientadoscAmin Maalouf ; traducción de María Teresa Gallego Urrutia a1a. edición a517 páginasc20 cm tLes désorientés142LEMBaNovela francesaySiglo XX142LEMBaLiteratura francesaySiglo XX142LEMBaAmistad en la literatura142LEMBaExilio en la literatura1 aGallego Urrutia, María Teresa973612 2loccBKLIT aMadridbAlianzac2014 atextobtxt2rdacontent asin mediaciónbn2rdamedia avolumenbnc2rdacarrier aCO-BoRNBPbspaerdacCO-BoRNBP aN MAA2 c7265d7265